| 000 -CABECERA |
| fixed length control field |
00937nam a22002177a 4500 |
| 003 - IDENTIFICADOR DEL NÚMERO DE CONTROL |
| control field |
AR-CdUCM |
| 008 - DATOS DE LONGITUD FIJA--INFORMACIÓN GENERAL |
| fixed length control field |
190320b ||||| |||| 00| 0 spa d |
| 040 ## - FUENTE DE LA CATALOGACIÓN |
| Agencia/entidad que catalogó originalmente la obra |
MUNICIPALIDAD PROVINCIAL DEL CUSCO |
| Entidad que transcribió la catalogación |
BIBLIOTECA MUNICIPAL DEL CUSCO |
| 082 ## - NÚMERO DE LA CLASIFICACIÓN DECIMAL DEWEY |
| No. de la edición |
5ed. |
| No. de Clasificación |
694 / |
| Notacion interna |
IG2 |
| 100 ## - ENTRADA PRINCIPAL--NOMBRE DE PERSONA |
| Nombre Personal |
Igoa, José M. |
| 245 ## - MENCIÓN DE TÍTULO |
| Título |
Escaleras, trazado, calculo y construcción / |
| 260 ## - PUBLICACIÓN, DISTRIBUCIÓN, ETC. |
| Lugar de publicación, distribución, etc. |
Barcelona : |
| Nombre de la editorial, distribuidor, etc. |
CEAC, |
| Fecha de publicación, distribución, etc. |
1962. |
| 300 ## - DESCRIPCIÓN FÍSICA |
| Nº de Páginas Extensión |
174 paginas ; |
| Otros detalles físicos |
Ilustraciones, formulas, diagramas, |
| Dimensiones |
21 cm. |
| 505 ## - NOTA DE CONTENIDO CON FORMATO |
| Nota de contenido formateada |
Generalidades y tipos de escaleras -- Diferentes posiciones de escaleras en planta -- Trazado de escaleras rectas y de caracol -- Calculo de secciones de elementos de estructuras de escaleras en hierro, madera y hormigón armado -- El pelado como elemento principal de la escalera... |
| 650 ## - PUNTO DE ACCESO ADICIONAL DE MATERIA--TÉRMINO DE MATERIA |
| Descriptor |
Escaleras |
| 9 (RLIN) |
20577 |
| 650 ## - PUNTO DE ACCESO ADICIONAL DE MATERIA--TÉRMINO DE MATERIA |
| Descriptor |
Madera |
| 9 (RLIN) |
1244 |
| 650 ## - PUNTO DE ACCESO ADICIONAL DE MATERIA--TÉRMINO DE MATERIA |
| Descriptor |
Hierro |
| 9 (RLIN) |
20578 |
| 650 ## - PUNTO DE ACCESO ADICIONAL DE MATERIA--TÉRMINO DE MATERIA |
| Descriptor |
Barandillas |
| 9 (RLIN) |
20579 |
| 942 ## - ELEMENTOS DE PUNTO DE ACCESO ADICIONAL (KOHA) |
| Fuente de clasificación |
|
| Tipo de item |
Libros-BMC |
| 945 ## - PROCESAMIENTO DE INFORMACIÓN LOCAL (OCLC) |
| Catalogador |
wnts |